00373 a2200145 4500003000400000005001700004008004100021020001800062040000900080082001800089100002200107245005000129260003900179300000900218OSt20231222113446.0231222b |||||||| |||| 00| 0 eng d a9789388684651 coclc a891.43bPAC/T aPachauri, Sidhish aTEESARI PARAMPARA KI KHOJ /cSudhish Pachauri aNew Delhi:bVani Prakashan,c2019. a263p